000 00290nam a22001337a 4500
008 170616b xxu||||| |||| 00| 0 eng d
020 _a9780072367928
041 _aeng
080 _23RD
_a327
100 _a20
101 _aSHP
245 _aWORLD POLITICS
_cROURKE,J.T
942 _2udc
_cBK
999 _c17784
_d17784